000 00424nam a2200145Ia 4500
008 151021s9999 xx 000 0 und d
020 _a8188583928
050 _aP 91.3 .T67 2005
245 _a_Development of mass communication Narendra Tripathi
260 _aNewDelhi Reference 2005
300 _aix,326p.;
500 _aIncludes bibliography.
650 _a_Mass Communication
980 _a^d20130123 10:48:29^oanne
999 _c8806
_d8806